According to the evidence / (Record no. 587073)

000 -LEADER
fixed length control field 00394nam a22001457a 4500
020 ## - INTERNATIONAL STANDARD BOOK NUMBER
International Standard Book Number 1842320483
082 ## - DEWEY DECIMAL CLASSIFICATION NUMBER
Classification number 823.91 CEC
100 ## - MAIN ENTRY--PERSONAL NAME
Personal name Cecil, Henry
245 ## - TITLE STATEMENT
Title According to the evidence /
Statement of responsibility, etc. Henry Cecil
260 ## - PUBLICATION, DISTRIBUTION, ETC.
Place of publication, distribution, etc. United Kingdom :
Name of publisher, distributor, etc. House of Stratus,
Date of publication, distribution, etc. 2000.
300 ## - PHYSICAL DESCRIPTION
Extent 205 p. ;
Dimensions 20 cm.
942 ## - ADDED ENTRY ELEMENTS (KOHA)
Source of classification or shelving scheme
Koha item type Book
Holdings
Withdrawn status Lost status Source of classification or shelving scheme Damaged status Not for loan Permanent Location Current Location Date acquired Source of acquisition Total Checkouts Full call number Barcode Date last seen Date last checked out Price effective from Koha item type
          Central Library (CL) Central Library (CL) 12/06/2021 Golden Books 1 823.91 CEC CL-795 02/22/2024 01/24/2022 12/06/2021 Book
© 2023 Central Library, National University of Sciences and Technology. All Rights Reserved.